000 00752nam a2200289Ia 4500
005 20260324130518.0
008 008 260324s9999 xx 000 0 eng d
020 _a9780429240591
037 _aEBOOK
040 _aCRL
040 _beng
040 _cCRL
041 _2eng
041 _aeng
084 _qCRL
100 _aGerald Schwarz; Kurt Jechlitschka; Dieter Kirschke
_91182065
245 0 _aMicroeconomics using Excel
245 0 _bIntegrating Economic Theory, Policy Analysis and Spreadsheet Modelling
260 _bTaylor and Francis
260 _c2007
365 _a
365 _b300
856 _uhttp://www.taylorfrancis.com/books/9780429240591
942 _cEBOOK
999 _c1778286
_d1778286